BIBLIOTECA PODER JUDICIAL
Portal Judicial TDF

Las medidas precautorias en el derecho disciplinario. Especial referencia a la Ley Nacional de Empleo Público y el Régimen de Investigaciones Administrativas aprobado por dec. 467/1999 / (Registro nro. 4803)

000 -LEADER
fixed length control field 01777nabaa22002657a 4500
003 - CONTROL NUMBER IDENTIFIER
control field OSt
005 - DATE AND TIME OF LATEST TRANSACTION
control field 20220609112634.0
008 - FIXED-LENGTH DATA ELEMENTS--GENERAL INFORMATION
fixed length control field 190701b xxu||||| |||| 00| 0 spa d
040 ## - CATALOGING SOURCE
Transcribing agency PJ
100 ## - MAIN ENTRY--PERSONAL NAME
9 (RLIN) 6000
Personal name Comadira, Fernando Gabriel
245 13 - TITLE STATEMENT
Title Las medidas precautorias en el derecho disciplinario. Especial referencia a la Ley Nacional de Empleo Público y el Régimen de Investigaciones Administrativas aprobado por dec. 467/1999 /
Statement of responsibility, etc Fernando Gabriel Comadira.
300 ## - PHYSICAL DESCRIPTION
Extent p. 35-56
500 ## - GENERAL NOTE
General note Cita Online: AR/DOC/681/2022.
505 ## - FORMATTED CONTENTS NOTE
Formatted contents note Sumario: I. Introducción.— II. Las medidas preventivas como poder inherente a la función administrativa.— III. Naturaleza jurídica de las medidas preventivas.— IV. Finalidad de las medidas preventivas.— V. Caracteres de las medidas preventivas en el marco de un procedimiento administrativo disciplinario.— VI. Naturaleza jurídica del acto que dispone una medida preventiva. Requisitos e impugnabilidad.— VII. Clases de medidas preventivas.— VIII. Vigencia temporal de las medidas preventivas en el marco de la LMREP y normativa infralegal.— IX. ¿Es posible adoptar medidas preventivas al momento de ordenarse la instrucción del sumario administrativo?— X. Conclusiones.<br/><br/>
505 ## - FORMATTED CONTENTS NOTE
Title ¿Te interesa el texto completo? Comunicate al correo: koha@justierradelfuego.gov.ar<br/>
650 #0 - SUBJECT ADDED ENTRY--TOPICAL TERM
9 (RLIN) 211
Topical term or geographic name as entry element DERECHO ADMINISTRATIVO
650 #0 - SUBJECT ADDED ENTRY--TOPICAL TERM
9 (RLIN) 877
Topical term or geographic name as entry element ADMINISTRACION PUBLICA
650 #0 - SUBJECT ADDED ENTRY--TOPICAL TERM
9 (RLIN) 938
Topical term or geographic name as entry element EMPLEO PUBLICO
650 #0 - SUBJECT ADDED ENTRY--TOPICAL TERM
9 (RLIN) 1051
Topical term or geographic name as entry element MEDIDAS CAUTELARES
650 #0 - SUBJECT ADDED ENTRY--TOPICAL TERM
9 (RLIN) 2018
Topical term or geographic name as entry element REGIMEN DISCIPLINARIO ADMINISTRATIVO
650 #0 - SUBJECT ADDED ENTRY--TOPICAL TERM
Topical term or geographic name as entry element SANCION
650 #0 - SUBJECT ADDED ENTRY--TOPICAL TERM
9 (RLIN) 1382
Topical term or geographic name as entry element INDEMNIZACION
773 0# - HOST ITEM ENTRY
Host Biblionumber 2842
Host Itemnumber 3251
Place, publisher, and date of publication Buenos Aires : AbeledoPerrot, 2012-
Other item identifier DA121
Title Derecho administrativo. Nº 140 mar/abr 2022
International Standard Book Number 18510590
942 ## - ADDED ENTRY ELEMENTS (KOHA)
Source of classification or shelving scheme
Koha item type Analítica Artículo de Revista

No hay ítems disponibles.

12 de Octubre 789 Ushuaia - Tel:  54(02901)441571
Horario de Atención: 8.00 a 17.00 hs. 
bibliotecaush@justierradelfuego.gov.ar
koha@justierradelfuego.gov.ar
Seguinos en nuestras redes @bibliojustdf 

Con tecnología Koha